Phạm Văn Đồng và ngoại giao Việt Nan
Sách bao gồm nhiều tư liệu quý về những kỷ niệm và hồi ức của các thế hệ cán bộ ngoại giao, các nhà nghiên cứu, các nhà ngoại giao nước ngoài đối với đồng chí.
Gorde:
| Erakunde egilea: | |
|---|---|
| Formatua: | Liburua |
| Hizkuntza: | Undetermined |
| Argitaratua: |
Hà Nội
Chính trị quốc gia
2007
|
| Gaiak: | |
| Etiketak: |
Etiketa erantsi
Etiketarik gabe, Izan zaitez lehena erregistro honi etiketa jartzen!
|
| Thư viện lưu trữ: | Trung tâm Học liệu Trường Đại học Cần Thơ |
|---|
| LEADER | 00850nam a2200193Ia 4500 | ||
|---|---|---|---|
| 001 | CTU_134012 | ||
| 008 | 210402s9999 xx 000 0 und d | ||
| 020 | |c 200000 | ||
| 082 | |a 959.7092 | ||
| 082 | |b B450 | ||
| 110 | |a Bộ ngoại giao | ||
| 245 | 0 | |a Phạm Văn Đồng và ngoại giao Việt Nan | |
| 260 | |a Hà Nội | ||
| 260 | |b Chính trị quốc gia | ||
| 260 | |c 2007 | ||
| 520 | |a Sách bao gồm nhiều tư liệu quý về những kỷ niệm và hồi ức của các thế hệ cán bộ ngoại giao, các nhà nghiên cứu, các nhà ngoại giao nước ngoài đối với đồng chí. | ||
| 650 | |a Names, personal,Vietnam - history - biography,Lịch sử ngoại giao | ||
| 904 | |i Trọng Hải | ||
| 980 | |a Trung tâm Học liệu Trường Đại học Cần Thơ | ||